| 000 | 00405nam a2200133Ia 4500 | ||
|---|---|---|---|
| 008 | 220120s9999||||xx |||||||||||||| ||und|| | ||
| 020 | _a9788131706008 | ||
| 082 | _a004.165 UDA | ||
| 100 | _aUdayashankara, V & Mallikarjunaswamy, M S | ||
| 245 | 0 | _a8051 Microcontroller: Hardware, Software and Application | |
| 260 |
_aTata mcgraw hill _bNew Delhi _c2011 |
||
| 300 |
_axxi;598 _b465 |
||
| 650 | _aMECHANICAL | ||
| 999 |
_c132540 _d132540 |
||